Fundamentals of polarized light (Record no. 15575)

MARC details
000 -LEADER
fixed length control field 00550nam a2200181Ia 4500
003 - CONTROL NUMBER IDENTIFIER
control field IN-BaIIA
008 - FIXED-LENGTH DATA ELEMENTS--GENERAL INFORMATION
fixed length control field 211028s9999 xx 000 0 eng d
020 ## - INTERNATIONAL STANDARD BOOK NUMBER
International Standard Book Number 0-471-14302-2
040 ## - CATALOGING SOURCE
Transcribing agency IIA Library
080 ## - UNIVERSAL DECIMAL CLASSIFICATION NUMBER
Universal Decimal Classification number 535.5
Item number BRO
100 ## - MAIN ENTRY--PERSONAL NAME
Personal name Brosseau, C.
9 (RLIN) 25438
245 #0 - TITLE STATEMENT
Title Fundamentals of polarized light
Remainder of title a statistical optics approach
Statement of responsibility, etc. C. Brosseau
260 ## - PUBLICATION, DISTRIBUTION, ETC.
Place of publication, distribution, etc. New York
Name of publisher, distributor, etc. John Wiley & Sons
Date of publication, distribution, etc. 1998
300 ## - PHYSICAL DESCRIPTION
Extent xiv, 405p.
650 ## - SUBJECT ADDED ENTRY--TOPICAL TERM
Topical term or geographic name entry element Light
9 (RLIN) 2428
650 ## - SUBJECT ADDED ENTRY--TOPICAL TERM
Topical term or geographic name entry element Polarization
9 (RLIN) 5652
942 ## - ADDED ENTRY ELEMENTS (KOHA)
Koha item type Books
Holdings
Withdrawn status Lost status Damaged status Not for loan Home library Current library Shelving location Date acquired Source of acquisition Cost, normal purchase price Total Checkouts Full call number Barcode Date last seen Cost, replacement price Price effective from Koha item type Purchase Price
        IIA Library-Bangalore IIA Library-Hosakote General Stacks 03/01/2004 ABP 5531.50   535.5/ BRO 16497 05/11/2021 5531.50 03/01/2004 Books Rs. 5531.50

Powered by Koha